Statistics for World Capitals Without the Letter E

Click here to take the quiz!

General Stats

  • This quiz has been taken 88 times
  • The average score is 94 of 122

Answer Stats

Answer% Correct
Lisbon
95%
Madrid
95%
Moscow
95%
Ottawa
95%
Paris
95%
Brasilia
93%
London
93%
Oslo
93%
Riga
93%
Abuja
90%
Bogota
90%
Cairo
90%
San Marino
90%
Santiago
90%
Stockholm
90%
Accra
88%
Baghdad
88%
Dublin
88%
Havana
88%
Muscat
88%
Panama City
88%
Pyongyang
88%
Quito
88%
Rabat
88%
Tokyo
88%
Vilnius
88%
Warsaw
88%
Washington
88%
Abu Dhabi
85%
Lima
85%
Nassau
85%
Tallinn
85%
Vaduz
85%
Vatican City
85%
Amman
83%
Ankara
83%
Bratislava
83%
Caracas
83%
Dakar
83%
Kuala Lumpur
83%
Monaco
83%
Tripoli
83%
Tunis
83%
Damascus
80%
Islamabad
80%
Jakarta
80%
La Paz
80%
Luanda
80%
Minsk
80%
Sana'a
80%
Astana
78%
Asuncion
78%
Dhaka
78%
Doha
78%
Kingston
78%
Kingstown
78%
Kinshasa
78%
Kuwait City
78%
Manila
78%
Nicosia
78%
Port of Spain
78%
Pristina
78%
Riyadh
78%
Suva
78%
Baku
76%
Chisinau
76%
Hanoi
76%
Kabul
76%
Kathmandu
76%
Khartoum
76%
Ljubljana
76%
Maputo
76%
Nairobi
76%
Paramaribo
76%
Podgorica
76%
San Salvador
76%
Sofia
76%
Tbilisi
76%
Antananarivo
73%
Apia
73%
Bamako
73%
Dili
73%
Santo Domingo
73%
Tirana
73%
Ashgabat
71%
Lusaka
71%
Manama
71%
Addis Ababa
68%
Bangui
68%
Banjul
68%
Djibouti
68%
Juba
68%
Kigali
68%
Mogadishu
68%
Port Louis
68%
Thimphu
68%
Ulaanbaatar
68%
Asmara
66%
Bangkok
66%
Bissau
66%
Port Vila
66%
Saint John's
66%
Dodoma
63%
Kampala
63%
Managua
63%
Porto Novo
63%
Victoria
63%
Conakry
61%
Funafuti
61%
Naypyidaw
61%
Ouagadougou
61%
Praia
61%
Honiara
59%
Malabo
59%
Monrovia
59%
Moroni
59%
Nouakchott
59%
South Tarawa
59%
Yamoussoukro
59%
Majuro
56%
Nuku'alofa
56%
Palikir
54%

Score Distribution

Percentile by Number Answered

Percent of People with Each Score

Your Score History

You have not taken this quiz